000 00925nas a2200289 a 4500
001 30169
003 AR-BaAGN
005 20231116145855.0
007 ta
008 220625s1946 ag |||||r|||| ||||||spa d
040 _dAR-BaAGN
_aAR-BaAGN
_bspa
_eaacr
110 1 _aBanco de la Provincia de Buenos Aires
245 1 0 _aMemoria y balance general correspondiente al ejercicio vencido de 1945 :
_bpresentados por el Directorio de los Señores Accionistas en la 40a. Amblea General Ordinaria
250 _a1ª ed.
260 _aBuenos Aires :
_bBanco de la Provincia de Buenos Aires,
_c1946.
300 _a98 páginas
336 _2rdacontent
_btxt
337 _2rdamedia
_bn
338 _2rdacarrier
_bnc
610 1 4 _aBanco de la Provincia de Buenos Aires
650 4 _aMEMORIAS
_91817
650 4 _aECONOMÍA
_91656
651 4 _aBuenos Aires
_94086
942 _cREVISTA
_n0
999 _c30169
_d30169